| 000 | 00922nmc a2200313 a 4500 | ||
|---|---|---|---|
| 003 | AR-BaBNM | ||
| 005 | 20251128205556.0 | ||
| 008 | 138019s1996 ||||||||||||||000 | spa|| | ||
| 020 | _a84-7738-105-4 | ||
| 040 | _cAR-BaBNM | ||
| 100 | 1 | _aPrieto Arciniega, Alberto | |
| 245 | 1 | 0 | _aEl fin del Imperio Romano |
| 260 |
_aMadrid _bSíntesis _c1996 |
||
| 300 | 0 |
_a143 p. _bil., láms., mapas, gráfs. |
|
| 490 | 0 |
_aHistoria universal: antigua _vv. 15 |
|
| 500 | 0 | _aApéndice metodológico para consultar p.117-140 | |
| 504 | _aBibliografía p. 141-143 | ||
| 600 | 1 | 4 | _aBurckhardt, Jacob |
| 600 | 0 | 4 |
_aConstantino _d[ca.280-337] |
| 650 | 4 | _aANALISIS HISTORICO | |
| 650 | 4 | _aHISTORIOGRAFIA | |
| 650 | 4 | _aHISTORIA ANTIGUA | |
| 653 | _aIMPERIO ROMANO | ||
| 653 | _aHISTORIA ROMANA | ||
| 800 | 1 |
_aPlácido, Domingo _edirector |
|
| 800 | 1 |
_aAlvar Ezquerra, Jaime _ecoordinador |
|
| 942 | _cBK | ||
| 998 | _cMariana | ||
| 999 |
_c11964 _d11964 |
||